LIBRARY & INFORMATION CENTRE, KCAET, TAVANUR

ONLINE PUBLIC ACCESS CATALOGUE (OPAC)

Strength of Materials: (Mechanics of Solids) (Record no. 14848)

MARC details
000 -LEADER
fixed length control field 00357cam a2200145ua 4500
020 ## - INTERNATIONAL STANDARD BOOK NUMBER
ISBN 9788121928229
020 ## - INTERNATIONAL STANDARD BOOK NUMBER
ISBN 9788121928222
082 ## - DEWEY DECIMAL CLASSIFICATION NUMBER
Classification number 624.17
Item number KHU/ST
100 ## - MAIN ENTRY--AUTHOR NAME
Personal name Khurmi, R. S.
245 ## - TITLE STATEMENT
Title Strength of Materials: (Mechanics of Solids)
250 ## - EDITION STATEMENT
Edition statement 24
260 ## - PUBLICATION, DISTRIBUTION, ETC. (IMPRINT)
Place of publication New Delhi :
Name of publisher S.Chand and Co ,
Year of publication 2016
300 ## - PHYSICAL DESCRIPTION
Number of Pages 924p
942 ## - ADDED ENTRY ELEMENTS (KOHA)
Koha item type Books
Holdings
Withdrawn status Lost status Damaged status Home library Current library Shelving location Date acquired Cost, normal purchase price Full call number Accession Number Koha item type
      KAUAET KAUAET General Stacks 30/03/2017 795.00 624.17 KHU/ST 25422 Books
      KAUAET KAUAET General Stacks 30/03/2017 795.00 624.17 KHU/ST 25423 Books
      KAUAET KAUAET General Stacks 30/03/2017 795.00 624.17 KHU/ST 25424 Books
      KAUAET KAUAET General Stacks 30/03/2017 795.00 624.17 KHU/ST 25425 Books
      KAUAET KAUAET Scheme 11/09/2018   624.17 KHU/ST 18476 Books
free website counter